LIBRARY & INFORMATION CENTRE, KCAET, TAVANUR

ONLINE PUBLIC ACCESS CATALOGUE (OPAC)

Text book of analytical geometry / (Record no. 246)

MARC details
000 -LEADER
fixed length control field 00554cam a2200217ua 4500
041 ## - LANGUAGE CODE
Language code of text/sound track or separate title eng
082 ## - DEWEY DECIMAL CLASSIFICATION NUMBER
Classification number 516.3
Item number MAN/TE
100 ## - MAIN ENTRY--AUTHOR NAME
Personal name Manicavachagom Pillai, T K .
245 ## - TITLE STATEMENT
Title Text book of analytical geometry /
250 ## - EDITION STATEMENT
Edition statement 1 /
260 ## - PUBLICATION, DISTRIBUTION, ETC. (IMPRINT)
Place of publication Chennai :
Name of publisher S.Viswanathan ,
Year of publication 1964.
300 ## - PHYSICAL DESCRIPTION
Number of Pages 568 ; .
700 1# - ADDED ENTRY--PERSONAL NAME
Personal name Natarajan, T .
942 ## - ADDED ENTRY ELEMENTS (KOHA)
Koha item type Books
Holdings
Withdrawn status Lost status Damaged status Home library Current library Date acquired Cost, normal purchase price Full call number Accession Number Koha item type Public note
Withdrawn     KAUAET KAUAET 07/04/2012 6.50 516.3 7256 Books  
Withdrawn     KAUAET KAUAET 07/04/2012 6.50 516.3 7255 Books  
Withdrawn Lost and Paid For   KAUAET KAUAET 23/06/2020 6.50 516.3 MAN/TE 7257 Books  
Withdrawn Lost and Paid For   KAUAET KAUAET 23/06/2020 6.50 516.3 MAN/TE 7258 Books  
Withdrawn     KAUAET Sanskrit University 07/04/2012 6.50 516.3 7259 Books Transferred to Sanskrit University
free website counter